000 00348cam a22001337a 4500
008 180718b1977 xxu||||| |||| 00| 0 eng d
082 _aA6x5452 R141
100 _aRamaswami, N.S.
245 _aFounding of Madras
_cby N.S. Ramaswami
260 _aBombay
_bLongman
_c1977
300 _a87p.
650 _aMadras city
650 _aTamil Nadu - History
999 _c352112
_d352112